|
|
|
|
| LEADER |
00000nab a2200000 ar4500 |
| 001 |
vtls009153470 |
| 003 |
SK-MaSNL |
| 005 |
20260304041735.0 |
| 008 |
071025c20070922xo dr|p|||||||000 b|slo |
| 015 |
|
|
|a SNBRB2007/10
|2 snkbucl
|
| 040 |
|
|
|a SNKBUCL
|b slo
|c SNKBUCL
|e AACR2
|
| 041 |
0 |
|
|a slo
|
| 044 |
|
|
|a xo
|c SK
|
| 080 |
|
|
|a 351.746.2
|x (437.6)
|2 2001
|
| 100 |
1 |
|
|a Jaslovský, Marian,
|d 1963-
|4 aut
|9 102033
|
| 245 |
1 |
0 |
|a Súkromní detektívi na slovenský spôsob
|c Marian Jaslovský
|
| 300 |
|
|
|b Fotogr.
|
| 500 |
|
|
|a Od 15.1.2007 návrat k pôvodnému vročeniu
|
| 650 |
0 |
7 |
|a súkromní detektívi
|2 snkbucl
|9 30990
|
| 650 |
0 |
7 |
|a detektívne služby
|2 snkbucl
|9 83775
|
| 651 |
|
7 |
|a Slovensko
|2 snkbucl
|
| 773 |
0 |
|
|t Sme
|g Roč. 15, č. 218 (22.9.2007)
|x 1335-440X
|
| 773 |
0 |
8 |
|i Príl.:
|t Víkend
|g S. 26
|
| 852 |
|
|
|a SNK
|b KIS3GCP
|
| 958 |
|
|
|a SK
|
| 999 |
|
|
|c 2670121
|d 2672051
|